The lake at the end of the world

Bibliographic Details
Main Author: Macdonald, Caroline
Format: Book
Published: London : Hodder and Stoughton , 1989
Subjects:

MARC

LEADER 00000cam a2200000 7i4500
001 0000003809
002 000004108
005 20000330.0
020 |a 0340427213 
090 0 0 |a JF   |b MAC 
100 1 |a Macdonald, Caroline 
245 1 4 |a The lake at the end of the world   |c Caroline Macdonald 
260 |a London :   |b Hodder and Stoughton ,   |c 1989 
300 |a 184p. ;   |c 22cm. 
650 0 0 |a Children's stories 
999 |a 032408   |b BUKU   |c JUNIOR FICTION   |e PERPUSTAKAAN KOMUNITI PETALING JAYA 
999 |a 032410   |b BUKU   |c PINJAMAN   |e PERPUSTAKAAN KOMUNITI PETALING JAYA